| 000 | 00803nam a22002537a 4500 | ||
|---|---|---|---|
| 005 | 20170123162327.0 | ||
| 010 | _aA-549979 | ||
| 020 | _c200.00 | ||
| 035 | _aA-549979 | ||
| 037 | _bCen Lib/Ret | ||
| 040 |
_aDPL _bUR |
||
| 082 |
_aک _bص غ ی |
||
| 100 |
_aصغیرملال _9539 |
||
| 245 |
_aبسوں صدی کے شاہکارافسانے / _cصغیرملال |
||
| 246 |
_aBiswin sadi ke shahikar afsane / _bby Saghir Malal |
||
| 260 |
_aکراچی _bولیم بک پورٹ لمیٹڈ _c1991 |
||
| 270 |
_bکراچی _aمیں اردو بازار |
||
| 300 |
_a434p. _c21cm(Hb) |
||
| 650 |
_a ادب - اردو _9119768 |
||
| 650 |
_a اردو کہانیاں _9119769 |
||
| 650 |
_aLiterature -- Urdu _9119770 |
||
| 650 |
_aUrdu stories _9119771 |
||
| 942 |
_2ddc _cUR _hک _mص غ ی |
||
| 999 |
_c107507 _d107507 |
||